Si Me La Haces - Sebastián Yatra, Lenny Tavárez, Mariah Angeliq - Estadísticas

Estadísticas generales
  • Esta prueba ha sido intentada 56 veces
    5 desde el último reinicio
  • La puntuación promedio es 261 de 427
Estadísticas de respuestas
Letra % Correcto
a
100%
amo
100%
amor
100%
Amor
100%
de
100%
hacer
100%
haces
100%
la
100%
La
100%
las
100%
Las
100%
lo
100%
los
100%
me
100%
pa
100%
paces
100%
para
100%
Si
100%
si
100%
acelera
50%
ahí
50%
amenaces
50%
amenazas
50%
anda
50%
andan
50%
ando
50%
arreglamos
50%
aunque
50%
Ay
50%
ay
50%
Bellaquita
50%
buscando
50%
cálculos
50%
caldeo
50%
calle
50%
cama
50%
carrera
50%
carretera
50%
cela
50%
con
50%
conmigo
50%
controla
50%
cora
50%
deja
50%
deseo
50%
desesperas
50%
desquítate
50%
devuelvo
50%
dice
50%
dime
50%
dónde
50%
el
50%
en
50%
En
50%
encanta
50%
es
50%
esto
50%
estoy
50%
experto
50%
ganar
50%
hacerme
50%
hago
50%
hasta
50%
Hice
50%
historia
50%
Hoy
50%
I
50%
just
50%
llega
50%
llevaron
50%
makinon
50%
mi
50%
misma
50%
motora
50%
movie
50%
nadie
50%
nena
50%
Ni
50%
ni
50%
no
50%
nos
50%
noto
50%
o
50%
pana
50%
parcera
50%
peleamos
50%
pero
50%
Pero
50%
perreo
50%
pienses
50%
por
50%
puedo
50%
Que
50%
que
50%
qué
50%
quieras
50%
quieren
50%
responsable
50%
rico
50%
sabemos
50%
sabes
50%
Sabes
50%
salí
50%
santa
50%
se
50%
50%
Se
50%
ser
50%
siempre
50%
Siempre
50%
sola
50%
solo
50%
soy
50%
te
50%
Te
50%
ti
50%
todo
50%
Touch
50%
50%
tu
50%
50%
un
50%
va
50%
Ven
50%
vestida
50%
wanna
50%
y
50%
Y
50%
ya
50%
yo
50%
you
50%
acera
0%
avisada
0%
celo
0%
celular
0%
clave
0%
corro
0%
disimular
0%
espalda
0%
fronteo
0%
guerra
0%
juega
0%
lamborghini
0%
mala
0%
menos
0%
metiste
0%
mueren
0%
niña
0%
nunca
0%
otro
0%
pagarías
0%
parece
0%
película
0%
pensando
0%
Porque
0%
pues
0%
quiero
0%
sea
0%
tanto
0%
termina
0%
Todas
0%
una
0%
No se encontraron pruebas coincidentes
Distribución de puntuación
Porcentaje de gente con cada puntuación
Porcentaje por número respondido
Historial de tus puntuaciones
No has intentado esta prueba desde el último reinicio